[Event "FRA-chT Top 12 (Women) GpB"]
[Site "Mulhouse"]
[Date "2023.05.18"]
[Round "1.3"]
[White "Navrotescu, Andreea Cristiana"]
[Black "Diez, Agathe"]
[Result "1/2-1/2"]
[WhiteElo "2252"]
[BlackElo "1902"]
[PlyCount "121"]
[EventDate "2023.05.18"]
[EventType "team-tourn"]
[EventRounds "5"]
[EventCountry "FRA"]
[SourceTitle "CBM 214 Extra"]
[Source "ChessBase"]
[SourceDate "2023.07.31"]
[SourceVersion "1"]
[SourceVersionDate "2023.07.31"]
[SourceQuality "1"]
[WhiteTeam "Mulhouse Philidor (W)"]
[BlackTeam "Bordeaux d'Aquitaine (W)"]
[WhiteTeamCountry "NED"]
[BlackTeamCountry "FRA"]

1. c4 e5 2. Nc3 Nc6 3. Nf3 Nge7 4. e4 g6 5. h4 h6 6. d3 Bg7 7. Nd5 d6 8. Bd2 f5 9. h5 g5 10. exf5 Nxf5 11. Bc3 Be6 12. Be2 Qd7 13. Qb3 Rb8 14. 0-0 Qf7 15. Ne3 Nfd4 16. Bxd4 exd4 17. Nd5 0-0 18. Nd2 Be5 19. Rae1 g4 20. f4 gxf3 21. Rxf3 Qg7 22. Ne4 Rxf3 23. Bxf3 Rf8 24. Rf1 Bh3 25. Qc2 Kh8 26. Qf2 Bg4 27. Qe2 Be6 28. Rc1 a5 29. a3 Rf7 30. b4 axb4 31. Nxb4 Bf4 32. Rf1 Be3+ 33. Kh1 Rf4 34. g3 Rf8 35. Nc2 Bh3 36. Bg2 Rxf1+ 37. Qxf1 Bg4 38. Bf3 Ne5 39. Bxg4 Nxg4 40. Qf5 Ne5 41. Nf6 Qf7 42. Qc8+ Kg7 43. Ne8+ Kh7 44. Qxc7 Qxc7 45. Nxc7 Nxd3 46. Nb5 Nb2 47. Nbxd4 Bxd4 48. Nxd4 Nxc4 49. a4 b6 50. Kg2 Nb2 51. Nb5 d5 52. Nc7 d4 53. Kf3 d3 54. Ke3 Kg7 55. Nd5 Nxa4 56. Kxd3 Nc5+ 57. Kd4 Nd7 58. Kc4 Nf6 59. Nf4 Ne4 60. Ne2 Nf6 61. Nf4 1/2-1/2

[Event "EU-ch U16 Girls 30th"]
[Site "Antalya"]
[Date "2022.11.09"]
[Round "4"]
[White "Mihelic, Vesna"]
[Black "Diez, Agathe"]
[Result "1-0"]
[WhiteElo "2057"]
[BlackElo "1936"]
[PlyCount "60"]
[EventDate "2022.11.06"]
[EventType "swiss"]
[EventRounds "9"]
[EventCountry "TUR"]
[SourceTitle "CBM 211 Extra"]
[Source "ChessBase"]
[SourceDate "2023.01.31"]
[SourceVersion "1"]
[SourceVersionDate "2023.01.31"]
[SourceQuality "1"]

1. e4 e5 2. Nf3 Nc6 3. Bc4 Nf6 4. Ng5 d5 5. exd5 Na5 6. Bb5+ c6 7. dxc6 bxc6 8. Qf3 Rb8 9. Bd3 h6 10. Ne4 Nd5 11. c3 g6 12. 0-0 Bg7 13. Nc5 0-0 14. Bc2 f5 15. Na3 Qb6 16. Nb3 Ba6 17. Re1 e4 18. Qg3 Kh7 19. Nxa5 Qxa5 20. f3 e3 21. dxe3 Nxc3 22. Qf2 Nd5 23. Bb3 Nb4 24. Bd2 Qb6 25. Bxb4 Qxb4 26. Nc2 Qb6 27. Nd4 Rfe8 28. Ne6 Bf6 29. Rac1 Bxb2 30. Qxb2 Rxe6 1-0

[Event "EU-ch U16 Girls 30th"]
[Site "Antalya"]
[Date "2022.11.07"]
[Round "2"]
[White "Koyuncu, Haticesu"]
[Black "Diez, Agathe"]
[Result "0-1"]
[WhiteElo "1515"]
[BlackElo "1936"]
[PlyCount "51"]
[EventDate "2022.11.06"]
[EventType "swiss"]
[EventRounds "9"]
[EventCountry "TUR"]
[SourceTitle "EXT 2024"]
[Source "ChessBase"]
[SourceDate "2023.10.10"]
[SourceVersion "1"]
[SourceVersionDate "2023.10.10"]
[SourceQuality "1"]

1. d4 d5 2. Nf3 Nf6 3. Bf4 e6 4. e3 Bd6 5. Bg3 0-0 6. Bd3 c5 7. c3 Qc7 8. Ne5 Nc6 9. f4 Ne7 10. Nd2 Nf5 11. Bf2 Be7 12. g4 Nd6 13. Qf3 Nd7 14. g5 Rd8 15. h4 Nxe5 16. fxe5 Nf5 17. Nf1 b5 18. Ng3 b4 19. Nxf5 exf5 20. 0-0 bxc3 21. bxc3 g6 22. c4 Bb7 23. cxd5 Bxd5 24. Qf4 c4 25. Rac1 Rdc8 26. Rc2 0-1

[Event "FRA-ch U16 Girls"]
[Site "Agen"]
[Date "2022.04.18"]
[Round "3"]
[White "Costa Boschetto, Lisa"]
[Black "Diez, Agathe"]
[Result "0-1"]
[WhiteElo "1366"]
[BlackElo "1628"]
[PlyCount "148"]
[EventDate "2022.04.16"]
[EventType "swiss"]
[EventRounds "9"]
[EventCountry "FRA"]
[SourceTitle "EXT 2023"]
[Source "ChessBase"]
[SourceDate "2022.10.05"]
[SourceVersion "1"]
[SourceVersionDate "2022.10.05"]
[SourceQuality "1"]

1. c4 e6 2. Nc3 d5 3. cxd5 exd5 4. d4 Nf6 5. Nf3 c6 6. g3 Be7 7. Bg2 0-0 8. 0-0 Bf5 9. a3 a5 10. Bd2 h6 11. Na2 Nbd7 12. b4 axb4 13. Bxb4 Nb6 14. Ne5 Ne4 15. Bxe7 Qxe7 16. Nb4 Nc3 17. Qd2 Nb5 18. Qb2 Qd6 19. e3 f6 20. Ned3 Nc4 21. Qe2 Ncxa3 22. Nc5 b6 23. Ncd3 Nc3 24. Qb2 Nab5 25. Rfc1 Rxa1 26. Rxa1 Kh8 27. Rc1 Bxd3 28. Nxd3 Ne4 29. Bxe4 dxe4 30. Nb4 Rc8 31. Qb3 Qd7 32. d5 cxd5 33. Rxc8+ Qxc8 34. Qxd5 Nc3 35. Qc6 Qxc6 36. Nxc6 Kg8 37. Nb4 Kf7 38. Kf1 Ke6 39. Ke1 Nd5 40. Na2 Kd6 41. Kd2 Kc5 42. Nc1 Kc4 43. Kc2 b5 44. Ne2 Nb4+ 45. Kd2 Nd3 46. Nd4 Nxf2 47. Nf5 b4 48. Nd6+ Kb3 49. Ke2 Ng4 50. h3 Ne5 51. Nxe4 Kc2 52. Nd2 b3 53. h4 b2 54. e4 b1Q 55. Nxb1 Kxb1 56. Ke3 Kc2 57. Kf4 Kd3 58. h5 Kd4 59. Kf5 Ke3 60. g4 Nxg4 61. Kxg4 Kxe4 62. Kg3 f5 63. Kf2 Kf4 64. Kg2 Ke3 65. Kf1 f4 66. Kg2 Ke2 67. Kg1 f3 68. Kh2 f2 69. Kg3 f1Q 70. Kg4 Qf3+ 71. Kh4 Qf4+ 72. Kh3 Qg5 73. Kh2 Kf2 74. Kh3 Qg3# 0-1

[Event "FRA-ch U16"]
[Site "Agen"]
[Date "2021.10.29"]
[Round "7"]
[White "Diez, Agathe"]
[Black "Cornileau, Juliette"]
[Result "0-1"]
[WhiteElo "1588"]
[BlackElo "1892"]
[PlyCount "162"]
[EventDate "2021.10.22"]
[EventType "swiss"]
[EventRounds "9"]
[EventCountry "FRA"]
[SourceTitle "EXT 2023"]
[Source "ChessBase"]
[SourceDate "2022.10.05"]
[SourceVersion "1"]
[SourceVersionDate "2022.10.05"]
[SourceQuality "1"]

1. e4 c5 2. Nc3 Nc6 3. Nge2 e5 4. g3 g6 5. Bg2 Bg7 6. d3 d6 7. 0-0 Nge7 8. Be3 Nd4 9. h3 Be6 10. f4 h5 11. Kh2 Qd7 12. Qd2 f5 13. h4 0-0-0 14. Nd5 fxe4 15. dxe4 Nxd5 16. exd5 Bg4 17. Nxd4 exd4 18. Bg1 Rhe8 19. Rae1 Qb5 20. b3 Kb8 21. a4 Qd7 22. Be4 Bf5 23. Qd3 Qf7 24. Re2 Bxe4 25. Rxe4 Rxe4 26. Qxe4 Re8 27. Qd3 Qf5 28. Qc4 Qg4 29. Kg2 Re2+ 30. Bf2 Bh6 31. Qd3 Bxf4 32. Re1 Rxe1 33. Bxe1 Bh6 34. c3 Be3 35. Bf2 Bxf2 36. Kxf2 dxc3 37. Qxc3 Qf5+ 38. Qf3 Qc2+ 39. Kf1 Qc1+ 40. Kg2 Qb2+ 41. Kf1 Qe5 42. Kf2 a6 43. Qd3 Qf6+ 44. Kg2 Kc7 45. Qd2 Qd4 46. Qg5 Qe4+ 47. Kh2 b5 48. axb5 axb5 49. Qd2 Kb6 50. Kg1 Qb1+ 51. Kf2 Qxb3 52. Qg5 Qc2+ 53. Ke1 Qe4+ 54. Kd2 c4 55. Qd8+ Kc5 56. Qc7+ Kxd5 57. Qb7+ Ke5 58. Qg7+ Kf5 59. Qd7+ Qe6 60. Qxb5+ d5 61. Qc5 Qe4 62. Qc8+ Qe6 63. Qc7 Qe5 64. Qf7+ Ke4 65. Qxg6+ Qf5 66. Qb6 d4 67. Qb1+ d3 68. Qe1+ Kd5 69. Qe3 Qe5 70. Qf3+ Kc5 71. Qf8+ Kd5 72. Qa8+ Ke6 73. Qc6+ Kf5 74. Qf3+ Kg6 75. Qc6+ Qf6 76. Qe4+ Kg7 77. Qb7+ Kh6 78. Qa7 Qb2+ 79. Ke3 Qe2+ 80. Kf4 Qg4+ 81. Ke5 Qg7+ 0-1

[Event "FRA-ch U16"]
[Site "Agen"]
[Date "2021.10.26"]
[Round "4"]
[White "Diez, Agathe"]
[Black "Lordier, Sophia"]
[Result "1/2-1/2"]
[WhiteElo "1588"]
[BlackElo "1795"]
[PlyCount "132"]
[EventDate "2021.10.22"]
[EventType "swiss"]
[EventRounds "9"]
[EventCountry "FRA"]
[SourceTitle "EXT 2023"]
[Source "ChessBase"]
[SourceDate "2022.10.05"]
[SourceVersion "1"]
[SourceVersionDate "2022.10.05"]
[SourceQuality "1"]

1. e4 c5 2. Nf3 e6 3. d4 cxd4 4. Nxd4 Nf6 5. Nc3 d6 6. g3 Be7 7. Bg2 0-0 8. 0-0 a6 9. h3 Qc7 10. Kh2 Nc6 11. f4 Bd7 12. a4 Rfe8 13. Nde2 Rab8 14. g4 g6 15. Ng3 Bc8 16. f5 Nd7 17. Bh6 Bh4 18. fxe6 fxe6 19. Nd5 Qd8 20. Ne3 Nde5 21. Bf4 b5 22. axb5 Rxb5 23. b3 Be7 24. Qe2 Bb7 25. Nc4 Nxc4 26. Qxc4 Bg5 27. Ne2 Rb4 28. Qd3 Bxf4+ 29. Nxf4 Ne5 30. Qe3 Qc7 31. c4 Nd7 32. Qc3 a5 33. Nd3 d5+ 34. e5 d4 35. Qxd4 Rxb3 36. Bxb7 Rxb7 37. Rf2 Rb3 38. Raf1 Nf8 39. Rf6 Qg7 40. Qd6 Rb7 41. Nc5 Rb2+ 42. Kh1 Qh6 43. R6f3 Rbb8 44. Nd7 Nxd7 45. Qxd7 Rbd8 46. Qf7+ Kh8 47. Qf6+ Kg8 48. g5 Qg7 49. Qxg7+ Kxg7 50. Rf7+ Kg8 51. Ra7 Rd2 52. Rff7 Rb8 53. Rg7+ Kf8 54. Rgb7 Rxb7 55. Rxb7 Rc2 56. Ra7 Rxc4 57. Rxa5 Rh4 58. Ra3 Re4 59. Ra5 Rh4 60. Ra3 Rd4 61. Kg2 Rd5 62. Re3 Kg7 63. Kg3 h6 64. h4 hxg5 65. hxg5 Kf7 66. Rf3+ Kg7 1/2-1/2

[Event "FRA-ch U12 "]
[Site "Agen"]
[Date "2018.04.20"]
[Round "7"]
[White "Cornileau, Juliette"]
[Black "Diez, Agathe"]
[Result "1-0"]
[WhiteElo "1654"]
[BlackElo "1373"]
[PlyCount "91"]
[EventDate "2018.04.15"]
[EventType "swiss"]
[EventRounds "9"]
[EventCountry "FRA"]
[SourceTitle "EXT 2019"]
[Source "ChessBase"]
[SourceDate "2018.10.10"]
[SourceVersion "1"]
[SourceVersionDate "2018.10.10"]
[SourceQuality "1"]

1. e4 e5 2. Nf3 Nc6 3. Nc3 Nf6 4. d4 exd4 5. Nxd4 Bb4 6. Nxc6 bxc6 7. Bd3 d5 8. exd5 cxd5 9. 0-0 0-0 10. Bg5 c6 11. Qf3 Be7 12. Rfe1 h6 13. Bf4 Bd6 14. h3 Rb8 15. b3 Be6 16. Ne2 c5 17. Bxd6 Qxd6 18. Rad1 Rfe8 19. Nf4 Qb6 20. Qg3 Rbd8 21. Nxe6 Rxe6 22. Rxe6 Qxe6 23. c4 dxc4 24. Bh7+ Kxh7 25. Rxd8 cxb3 26. axb3 Qe1+ 27. Kh2 Ne4 28. Qd3 f5 29. Qf3 Qxf2 30. Qxf2 Nxf2 31. Rd5 Ne4 32. Rxf5 a5 33. Re5 Nd2 34. Rxc5 Nxb3 35. Rb5 a4 36. Rb4 Nc5 37. Rc4 Ne6 38. Rxa4 Ng5 39. Kg3 Kg6 40. Kf4 Kh5 41. Kf5 g6+ 42. Kf6 Nh7+ 43. Kg7 Ng5 44. Ra6 Kh4 45. Kxh6 Kg3 46. Kxg5 1-0